000 00229 a2200097 4500
001 30660
100 _aEaton (Getman)
245 _aCollege teaching : its Rationale
260 _aN Y
_bJohn Willey Press
_c
090 _c20597
_d20597
942 _aNUST-CAE
_cM
_c11777
999 _c265733
_d265733